ARRUPE JESUIT UNIVERSITY

CORONAVIRUS -STOP THE SPREAD - CLEAN,DISINFECT,COVER

Tsotsi / (Record no. 130479)

MARC details
000 -LEADER
fixed length control field 00732cam a2200265 i 4500
001 - CONTROL NUMBER
control field 2781295
003 - CONTROL NUMBER IDENTIFIER
control field ARRUPE
005 - DATE AND TIME OF LATEST TRANSACTION
control field 20200911123901.0
008 - FIXED-LENGTH DATA ELEMENTS--GENERAL INFORMATION
fixed length control field 800605s1980 sa 000 1 eng
010 ## - LIBRARY OF CONGRESS CONTROL NUMBER
LC control number 80478467
015 ## - NATIONAL BIBLIOGRAPHY NUMBER
National bibliography number SA***
020 ## - INTERNATIONAL STANDARD BOOK NUMBER
International Standard Book Number 094993772X
040 ## - CATALOGING SOURCE
Original cataloging agency DLC
Transcribing agency DLC
Modifying agency DLC
050 00 - LIBRARY OF CONGRESS CALL NUMBER
Classification number PR9369.3 F8 T75
-- PR9369.3.F18
082 00 - DEWEY DECIMAL CLASSIFICATION NUMBER
Classification number 823
300 ## - PHYSICAL DESCRIPTION
Dimensions 23 cm.
100 1# - MAIN ENTRY--PERSONAL NAME
Personal name Fugard, Athol.
9 (RLIN) 10795
245 10 - TITLE STATEMENT
Title Tsotsi /
Statement of responsibility, etc Athol Fugard.
260 ## - PUBLICATION, DISTRIBUTION, ETC. (IMPRINT)
Place of publication, distribution, etc Johannesburg :
Name of publisher, distributor, etc Ad. Donker,
Date of publication, distribution, etc 1980.
300 ## - PHYSICAL DESCRIPTION
Extent 168 p. ;
650 #0 - SUBJECT ADDED ENTRY--TOPICAL TERM
Topical term or geographic name as entry element Criminals
General subdivision Fiction.
9 (RLIN) 49799
650 #0 - SUBJECT ADDED ENTRY--TOPICAL TERM
Topical term or geographic name as entry element Infants
General subdivision Fiction.
9 (RLIN) 49800
651 #0 - SUBJECT ADDED ENTRY--GEOGRAPHIC NAME
Geographic name South Africa
General subdivision Fiction.
9 (RLIN) 13082
906 ## - LOCAL DATA ELEMENT F, LDF (RLIN)
a 7
b cbc
c orignew
d 4
e ncip
f 19
g y-gencatlg
942 ## - ADDED ENTRY ELEMENTS (KOHA)
Source of classification or shelving scheme Library of Congress Classification
Koha item type Monograph ( Printed materials)
Holdings
Withdrawn status Lost status Source of classification or shelving scheme Damaged status Not for loan Home library Current library Date acquired Total Checkouts Full call number Barcode Date last seen Date checked out Price effective from Koha item type
    Library of Congress Classification     ARRUPE LIBRARY ARRUPE LIBRARY 11/09/2020 2 PR9369.3 F8 T75 46410868 22/10/2020 21/09/2020 11/09/2020 Monograph ( Printed materials)

 

Arrupe Library. PO Box MP320 Mt Pleasant, Harare, Zimbabwe
263 242 745411|librarian@aju.ac.zw